000 00731naa a22001937a 4500
001 232709
003 ES-MaBCM
005 20260323115658.0
008 260320s2024 sp ||||| |||| 00| 0 spa d
040 _cES-MaBCM
100 _aRodríguez del Blanco, Alfredo
_9131322
245 1 0 _aPropuestas legislativas para mitigar los riesgos del uso de la inteligencia artificial en la instrucción penal
_cAlfredo Rodríguez del Blanco
504 _aBibliografía: p. 511-518
650 7 _aInteligencia artificial
_960275
650 7 _aSistema judicial
_957452
650 7 _aDerecho procesal civil
_958353
773 0 _dBarcelona
_gN. 2 (2024), p. 401-518- Loc. S.155
_tJusticia : Revista de Derecho Procesal
_w104456
942 _2udc
_cAREV
999 _c232709
_d232709